Score 0/8 Timer 01:00
0 Plays Today
Population % Correct
2,853,114 Chicago
100%
171,782Aurora
84.4%
157,272Rockford
77.8%
146,125Joliet
71.1%
117,352Springfield
67.8%
143,117Naperville
64.4%
114,114Peoria
64.4%
106,330Elgin
35.6%
Remove Ads.
Support Sporcle.
Get the best of Sporcle when you Go Orange. This ad-free experience offers more features, more stats, and more fun while also helping to support Sporcle. Thank you for becoming a member.

You're not logged in!

Compare scores with friends on all Sporcle quizzes.
OR
Log In

Show Comments

Extras

Top Quizzes Today


Score Distribution

Your Account Isn't Verified!

In order to create a playlist on Sporcle, you need to verify the email address you used during registration. Go to your Sporcle Settings to finish the process.

Report this User

Report this user for behavior that violates our Community Guidelines.

Details: